Čínske investície v afrických štátoch bohatých na zemný plyn, uhlie, urán a fosfáty
Čína je často kritizovaná za vykorisťovanie autokratických afrických štátov s cieľom podporiť vlastný ekonomický rast. Úloha vybraných nerastných surovín – zemného plynu, uhlia, uránu a fosfátov – a dôležitosť nízkej úrovne demokracie štátov, v ktorých sú ložiská týchto surovín alokované – pre čínsk...
Uložené v:
| Hlavný autor: | |
|---|---|
| Médium: | Kapitola |
| Jazyk: | Slovak |
| Predmet: | |
| Tagy: |
Žiadne tagy, Buďte prvý, kto otaguje tento záznam!
|
MARC
| LEADER | 00000naa a2200000 4500 | ||
|---|---|---|---|
| 001 | 0164372 | ||
| 005 | 20240502072852.3 | ||
| 041 | 0 | |a slo | |
| 044 | |a SK | ||
| 245 | 1 | 0 | |a Čínske investície v afrických štátoch bohatých na zemný plyn, uhlie, urán a fosfáty |c Nóra Szikorová |
| 520 | |a Čína je často kritizovaná za vykorisťovanie autokratických afrických štátov s cieľom podporiť vlastný ekonomický rast. Úloha vybraných nerastných surovín – zemného plynu, uhlia, uránu a fosfátov – a dôležitosť nízkej úrovne demokracie štátov, v ktorých sú ložiská týchto surovín alokované – pre čínskych investorov v Afrike. Analýza investícií do vybraných nerastných surovín a komparácia tokov, resp. zásob čínskych investícií v autokratických a neautokratických štátoch Afriky bohatých na dané nerastné suroviny . | ||
| 610 | 2 | 0 | |a Čína |
| 610 | 2 | 0 | |a Afrika |
| 610 | 2 | 0 | |a ťažba nerastov |
| 610 | 2 | 0 | |a suroviny nerastné |
| 610 | 2 | 0 | |a plyn zemný |
| 610 | 2 | 0 | |a urán |
| 610 | 2 | 0 | |a uhlie |
| 610 | 2 | 0 | |a investície zahraničné |
| 100 | 1 | |a Szikorová, Nóra | |